01798nam a2200253 a 4500008004100000050001400041100001800055245005000073246001100123260002800134350000900162650001500171700001800186995014700204995014700351995014700498995014700645995014700792995014700939995014701086995014701233995014701380999001701527120416s1979 ||||||||||||||||| || u aHD 31 Gle aGlew, Matthew14aThe business organization and its environment abook 2 aLondonbHeinemannc1979 a0.00 0aMANAGEMENT aWells, Ronald aANNEX COLLECTION (Main Library)D0.00e719598FCBU-MAIN LIBRARY (Kitwe)H6I2.95jHD 31 GleM9UAVAILABLEy000477ZAnnex Low-Usage Collection  aANNEX COLLECTION (Main Library)D0.00e709027FCBU-MAIN LIBRARY (Kitwe)H3I2.95jHD 31 GleM5UAVAILABLEy000473ZAnnex Low-Usage Collection  aANNEX COLLECTION (Main Library)D0.00e719601FCBU-MAIN LIBRARY (Kitwe)H8I2.95jHD 31 GleM2UAVAILABLEy000470ZAnnex Low-Usage Collection  aANNEX COLLECTION (Main Library)D0.00e709034FCBU-MAIN LIBRARY (Kitwe)H4I2.95jHD 31 GleM3UAVAILABLEy000471ZAnnex Low-Usage Collection  aANNEX COLLECTION (Main Library)D0.00e709028FCBU-MAIN LIBRARY (Kitwe)H1I2.95jHD 31 GleM4UAVAILABLEy000472ZAnnex Low-Usage Collection  aANNEX COLLECTION (Main Library)D0.00e719105FCBU-MAIN LIBRARY (Kitwe)H7I2.95jHD 31 GleM8UAVAILABLEy000476ZAnnex Low-Usage Collection  aANNEX COLLECTION (Main Library)D0.00e719104FCBU-MAIN LIBRARY (Kitwe)H5I2.95jHD 31 GleM6UAVAILABLEy000474ZAnnex Low-Usage Collection  aANNEX COLLECTION (Main Library)D0.00e719103FCBU-MAIN LIBRARY (Kitwe)H9I2.95jHD 31 GleM7UAVAILABLEy000475ZAnnex Low-Usage Collection  aANNEX COLLECTION (Main Library)D0.00e709033FCBU-MAIN LIBRARY (Kitwe)H2I2.95jHD 31 GleM1UAVAILABLEy000469ZAnnex Low-Usage Collection  c79049d79049